| Поле | Инд. | ПП | Название | Значение |
|---|---|---|---|---|
| Тип записи | a | |||
| Библиографический уровень | b | |||
| 001 | Контрольный номер | DU/597770014 | ||
| 005 | Дата корректировки | 20220420085631.9 | ||
| 008 | Кодируемые данные | 20150922 | ||
| 040 | b | Код языка каталог. | rus | |
| e | Правила каталог. | PSBO | ||
| 041 | 0_ | a | Код языка текста | rus |
| 084 | a | Индекс другой классификации/Индекс ББК | 60.70; 60.73(2Рос)-4 | |
| 100 | 1_ | a | Автор | Журавлева Т. Л. |
| q | Полное имя | Журавлева Татьяна Леонидовна | ||
| 100 | 1_ | a | Автор | Гаврилова Я. А. |
| q | Полное имя | Гаврилова Яна Андреевна | ||
| 245 | 10 | a | Заглавие | Анализ факторов рождаемости в России: что говорят данные РМЭЗ [Российский мониторинг экономического положения и здоровья] НИУ ВШЭ? |
| 500 | a | Примечание | Приложение | |
| 504 | a | Библиография | Лит. в конце статьи. | |
| 520 | a | Аннотация | Выясняется, что рождаемость стимулируют наличие партнера, отсутствие детей, отсутствие разнополых детей, проживание в сельской местности и проживание с другими родственниками. Авторы считают, что в будущих исследованиях необходимо выяснить: существует ли разрыв между репродуктивными намерениями людей в начале жизни и реализованной рождаемостью к концу жизни, и если да, то в каких социальных слоях он наивысший. | |
| 650 | a | Основная рубрика | демография | |
| a | Основная рубрика | народонаселение | ||
| 653 | 1_ | a | Ключевые слова | бездетные женщины |
| a | Ключевые слова | внебрачные дети | ||
| a | Ключевые слова | воспроизводство населения | ||
| a | Ключевые слова | демографическая статистика | ||
| a | Ключевые слова | занятость женщин | ||
| a | Ключевые слова | метод сравнения | ||
| a | Ключевые слова | Национальный исследовательский университет "Высшая школа экономики" (НИУ ВШЭ) | ||
| a | Ключевые слова | образование женщин | ||
| a | Ключевые слова | репродуктивное поведение | ||
| a | Ключевые слова | репродуктивные намерения | ||
| a | Ключевые слова | реформа рынка труда | ||
| a | Ключевые слова | рождаемость | ||
| a | Ключевые слова | Российский мониторинг экономического положения и здоровья НИУ ВШЭ (РМЭЗ НИУ ВШЭ) | ||
| a | Ключевые слова | Россия | ||
| a | Ключевые слова | самооценка благосостояния | ||
| a | Ключевые слова | семейное положение женщин | ||
| a | Ключевые слова | стимулирование рождаемости | ||
| a | Ключевые слова | теория народонаселения | ||
| a | Ключевые слова | факторы рождаемости | ||
| a | Ключевые слова | ценность семьи | ||
| a | Ключевые слова | численность детей | ||
| a | Ключевые слова | численность населения | ||
| 773 | 0_ | t | Заглавие источника | Экономический журнал ВШЭ |
| d | Дата издания источника | 2017 | ||
| g | Прочая информация | Т. 21, № 1. - С. 145 - 187 : граф., диагр., табл., расчет. | ||
| w | Контрольный № источника | DU/546364060 | ||
| 901 | t | Тип документа | b |